Регионална библиотека "Любен Каравелов" - Русе

Сказки А. С. Пушкина (Запис номер 470294)

MARC детайли
000 -Лидер
Контролно поле с фиксирана дължина nkm a22 a 4500
003 - Код на организацията, давaща контролен номер
Контролно поле BLK
005 - Дата и час на последна редакция
Контролно поле 20220812135555.0
008 - Елементи от данни с фиксирана дължина
fixed length control field 220812b bu ||||| |||| 00| 0 bu d
040 ## - Източник на каталожния запис
Идентификатор на билиотеката - собственик на записа BLK
041 ## - Код за език
Код за езика на текст/звукозапис или на отделно заглавие Руски
Код за езика КДБФ Руски
080 ## - УДК
Текстов определител УДК Съдържание и форми на работа в предучилищното възпитание и в основното образование. Учебни предмети и учебници за начални и основни училища. 373
УДК код - определител по УДК 373
УДК - код + определител 373
139 ## - Редно поле
Редна дума Сказки А. С. Пушкина
245 ## - Сведения за заглавието
Заглавие Сказки А. С. Пушкина
Подзаглавни данни Выставка рисунков к сказкам : Альбом
Редно поле (дума) вступ. статья Н. Шанина ;рис. И. Я. Билибина.
257 ## - Страна на издаване
Страна на създаване/издаване СССР
260 ## - Област на издателските данни
9 (RLIN) 214299
Място на издаване, разпространение и проч. Москва
Име на издателя, разпространителя и проч. Малыш
Година на издаване 1981
300 ## - Физическа характеристика
Страници 10 с.
Илюстрации и др. с цв. ил.
Размери/Мащаб 42 см
Съпровождащи материали 10 отд. л. в папке
380 ## - Жанр
Жанр Детска отраслова лит.
650 #7 - Допълнително описание по предмет – тема
9 (RLIN) 146731
Основно описание – тема или топоним Албуми
653 #7 - Ключова дума – ненормативна
9 (RLIN) 195900
Ключова дума руски език
653 #7 - Ключова дума – ненормативна
9 (RLIN) 188362
Ключова дума картини
653 #7 - Ключова дума – ненормативна
9 (RLIN) 187552
Ключова дума илюстрации
700 ## - Други автори (авторска отговорност)
9 (RLIN) 380054
Лично име Билибин, Иван Яковлевич
Автороска отговорност (Описва отношението между автора и произведението) ил.
700 1# - Други автори (авторска отговорност)
9 (RLIN) 142649
Лично име Шанина, Надежда Федоровна
Автороска отговорност (Описва отношението между автора и произведението) вступ. статья
852 ## - Местоположение
Систематично-азбучна сигнатура Цб III 831
999 ## - СИСТЕМНИ КОНТРОЛНИ НОМЕРА
Koha biblionumber 470294
Koha biblioitemnumber 470294
942 ## - АРТИКУЛИ
Вид на библиотечния материал Графични издания
Скрит в OPAC Не
Koha issues (borrowed), all copies 2
Периодичен библиозапис Да
999 ## - СИСТЕМНИ КОНТРОЛНИ НОМЕРА
Koha biblioitemnumber 470292
999 ## - СИСТЕМНИ КОНТРОЛНИ НОМЕРА
Koha biblioitemnumber 470290
999 ## - СИСТЕМНИ КОНТРОЛНИ НОМЕРА
Koha biblioitemnumber 470288
999 ## - СИСТЕМНИ КОНТРОЛНИ НОМЕРА
Koha biblioitemnumber 470287
Наличности
Код за отписване Код за изгубен артикул Източник на класификационната схема Код за повреда Коз за рестрикции Код за отдаване Артикулен № Име на библиотеката - собственик Име на библиотеката, в която се намира в момента Статус (Текущо местоположение) Дата на вписване в системата Местоположение - отдел Цена в лева Инвентарен номер Систематично азбучна сигнатура Баркод Цена в евро Служебен тип на артикула
  Не е изгубен Universal Decimal Classification Не е повреден без рестрикции заемане за дома 899930 Регионална библиотека "Любен Каравелов" Русе Регионална библиотека "Любен Каравелов" Русе Детски отдел 2022-08-12 Детски отдел 1.23 346508 373/ С 39 120000346508 0.63 Графични издания
  Не е изгубен Universal Decimal Classification Не е повреден само за читалня ползва се в читалня 899931 Регионална библиотека "Любен Каравелов" Русе Регионална библиотека "Любен Каравелов" Русе Хранилище 2022-08-12 Основен фонд - ползва се само за читалня 1.23 346507 Цб III 831 120000346507 0.63 Графични издания
Vip Innovations Ltd, Rousse, Bulgaria 2025